|
|
|
|
| LEADER |
00000nam a22000007a 4500 |
| 005 |
20130606182134.0 |
| 007 |
cr|||| |||| |
| 008 |
130606e2013 sp |||||s|||| 00||0 spa d |
| 020 |
|
|
|a 978-84-940933-2-6
|
| 035 |
|
|
|a 11239
|
| 040 |
|
|
|a vLex
|
| 090 |
|
|
|c 4283
|d 4283
|
| 100 |
1 |
0 |
|a Burlada Echeveste, Jos ̌Luis
|
| 245 |
1 |
3 |
|a La declaracin̤ de nulidad de pleno derecho en materia tributaria
|c / Jos ̌Luis Burlada Echeveste
|h [Recurso electrn̤ico]
|
| 256 |
|
|
|a Servicio en ln̕ea
|
| 260 |
|
|
|a Barcelona :
|b J.M. Bosch Editor,
|c 2013
|
| 300 |
|
|
|a 1 Recurso electrn̤ico
|
| 506 |
|
|
|d vLex Global
|d vLex Global (Academic Edition, excluding Law Schools)
|d vLex Global (U.S. Academic Edition, Law Schools)
|d vLex Global (U.S. Academic Edition, excluding Law Schools)
|d vLex Global (Academic Edition, Law Schools)
|a Contenido solo disponible en los productos indicados
|
| 650 |
|
4 |
|a Derecho tributario
|z Espaą
|
| 650 |
|
4 |
|a Derecho administrativo
|z Espaą
|
| 740 |
|
|
|a vLex Libros (Servicio en ln̕ea)
|
| 856 |
|
|
|a Acceso restringido
|u http://www.vlex.com/source/11239
|
| 942 |
|
|
|c BOOK
|
| 999 |
|
0 |
|a Taxation
|